000 00477nam a2200181 a 4500
001 13085
003 CO-ViMGA
008 141112s2004 ck r 000 u spa d
040 _aCO-ViMGA
_bspa
_cCO-ViMGA
082 0 4 _a155.93 C656
110 _aFondelibertad
_919154
245 1 0 _aEsperando la libertad
260 _aBogotá :
_bCreativo,
_c2001
300 _a25p. : il.
650 1 4 _aPSICOLOGICOS - COLOMBIA
_919155
650 1 4 _aSECUESTRO - ASPECTOS
_919156
942 _2ddc
_cBK
999 _c23915
_d23915